Fractal Mania / Phil Laplante (Registro nro. 11948)
[ vista simple ]
| 000 -LÍDER | |
|---|---|
| fixed length control field | 00560nam a2200169 4500 |
| 008 - ELEMENTOS DE LONGITUD FIJA -- INFORMACIÓN GENERAL | |
| fixed length control field | 0 1994 0a 000 0USA |
| 020 ## - NÚMERO INTERNACIONAL NORMALIZADO PARA LIBROS | |
| ISBN | 0-8306-4434-2 |
| 050 ## - SIGNATURA TOPOGRAFICA DE LA BIBLIOTECA DEL CONGRESO (LC) | |
| Número de Clasificación | QA614 86 L314 |
| 082 ## - NUMERO DE CLASIFICACION DECIMAL DEWEY | |
| Número de Clasificación | 001.64 L132f |
| 100 ## - ASIENTO PRINCIPAL--NOMBRE PERSONAL | |
| Nombre personal | Laplante, Phil |
| 245 ## - TÍTULO | |
| Título | Fractal Mania / Phil Laplante |
| 250 ## - MENCIÓN DE EDICIÓN | |
| Mención de edición | 4 |
| 260 ## - PUBLICACIÓN, DISTRIBUCIÓN, ETC. (PIE DE IMPRENTA) | |
| Lugar de publicación, distribución, etc. | United States of America: McGraw-Hill |
| 300 ## - DESCRIPCIÓN FÍSICA | |
| Extensión | xii, 158 p. / 24 cm. |
| 500 ## - NOTA GENERAL | |
| Nota general | Incluye Appendices, Glossary, index, references y bibliography. |
| 650 ## - ASIENTO SECUNDARIO DE MATERIA - TERMINO TEMÁTICO | |
| Término temático o nombre geográfico como elemento de entrada | 1. FRACTALS \ 2. FRACTALS-DATA PROCESSING \ 3. CHAOTIC BEHAVIOR IN SYSTEMS |
| No. biblioteca | No. biblioteca | Número de clasificación | Código de barras/Número de adquisición | Número de copia | Tipo de material |
|---|---|---|---|---|---|
| LUIS G. INCLAN | LUIS G. INCLAN | 001.64 L132f | 20609 | 2 | Libros |
| LUIS G. INCLAN | LUIS G. INCLAN | 001.64 L132f | 20610 | 3 | Libros |
